000 00402nam a22001457a 4500
005 20200614150307.0
008 200614b xxu||||| |||| 00| 0 eng d
082 _a345.4 AIR
110 _aALL INDIA REPORTER
_96121
245 _aALL INDIA REPORTER, [1970] [VOL-57] ASSAM AND NAGA SECTION
260 _aMUMBAI
_bALL INDIA REPORTER, PVT. LTD.
300 _a560;p
650 _aLAW
_95701
942 _cJRL
999 _c7173
_d7171